000 01068nam a2200349Ia 4500
003 OSt
005 20220912151454.0
006 a|||||r|||| 00| 0
007 ta
008 220909b |||||||| |||| 00| 0 eng d
020 _a0849316162 (hbd)
024 _a15570
037 _b048/05-06, 20/08/2005, N R Book Distributors
037 _cTextbook
040 _aCSL
_beng
_cCSL
041 _aeng
082 _aJ:1, P5 TJ
100 _aPierzynski Gary M
245 0 _aSoils and environmental quality
250 _a3
260 _aBoca
_bRaton CRC Press
_c2005
300 _a569p.
_ccm.
500 _aIncludes bibliographical references.; Appendix 497-511p.
_ccm.; Index 513-569p.
_ccm.
650 _a Environmental quality
650 _a Environmental science
650 _a Soils
650 _aAgriculture
700 _a Sims J Thomas
700 _a Vance George F
942 _hJ:1, P5 TJ
_cTB
_2CC
999 _c69305
_d69305